Moderní systémy řízení kvality, životního prostředí a bezpečnosti práce

Hlavní autor: Novotný, Milan, 1946-
Jazyk: Čeština
Vydáno: V Ústí nad Labem : Univerzita J.E. Purkyně, 2007
Vydání: Vyd. 1.
Témata:
Fyzický popis: 1 CD-ROM : barev. ; 12 cm + 1 leták (12 x 12 cm)
Elektronické zdroje
Uloženo v:
LEADER 01197nmm a2200325 a 4500
001 000883844
003 CZ BrMZK
005 20080905091734.0
008 080130s2007 xr e d |||||||cze d
020 |a 978-80-7044-932-5  |q (CDR) 
040 |a BOA001  |b cze 
072 7 |a 005  |x Management. Řízení  |2 Konspekt  |9 4 
080 |a 005.6  |2 MRF 
080 |a 502/504  |2 MRF 
080 |a 331.45  |2 MRF 
080 |a (0.034.44)  |2 MRF 
100 1 |a Novotný, Milan,  |d 1946-  |7 mzk2008390710 
245 1 0 |a Moderní systémy řízení kvality, životního prostředí a bezpečnosti práce  |h [elektronický zdroj] /  |c Milan Novotný 
250 |a Vyd. 1. 
256 |a Data (778 kB) 
260 |a V Ústí nad Labem :  |b Univerzita J.E. Purkyně,  |c 2007 
300 |a 1 CD-ROM :  |b barev. ;  |c 12 cm +  |e 1 leták (12 x 12 cm) 
650 0 7 |a management jakosti  |7 ph115218  |2 czenas 
650 0 7 |a životní prostředí  |7 ph135446  |2 czenas 
650 0 7 |a bezpečnost práce  |7 ph118834  |2 czenas 
655 7 |a CD-ROM  |7 fd133955  |2 czenas 
910 2 |a BOA001  |b CDR-1209.988 
990 |a CF 
991 |b 200809 
996 3 |b 2610352761  |c CDR-1209.988  |l Stud. periodik/2.patro  |r Sklad / do 1 hodiny  |n 3  |p p.v.  |w 000883844  |u 000010  |a 1  |e BOA001  |j MZK50  |s N